<?xml version="1.0" encoding="UTF-8"?><?xml-stylesheet type="text/xsl" href="static/style.xsl"?><OAI-PMH xmlns="http://www.openarchives.org/OAI/2.0/" xmlns:xsi="http://www.w3.org/2001/XMLSchema-instance" xsi:schemaLocation="http://www.openarchives.org/OAI/2.0/ http://www.openarchives.org/OAI/2.0/OAI-PMH.xsd"><responseDate>2026-04-17T00:38:30Z</responseDate><request verb="GetRecord" identifier="oai:www.recercat.cat:2072/489372" metadataPrefix="marc">https://recercat.cat/oai/request</request><GetRecord><record><header><identifier>oai:recercat.cat:2072/489372</identifier><datestamp>2026-03-20T18:10:24Z</datestamp><setSpec>com_2072_353036</setSpec><setSpec>com_2072_351515</setSpec><setSpec>com_2072_1741</setSpec><setSpec>col_2072_353037</setSpec></header><metadata><record xmlns="http://www.loc.gov/MARC21/slim" xmlns:dcterms="http://purl.org/dc/terms/" xmlns:xsi="http://www.w3.org/2001/XMLSchema-instance" xmlns:doc="http://www.lyncode.com/xoai" xsi:schemaLocation="http://www.loc.gov/MARC21/slim http://www.loc.gov/standards/marcxml/schema/MARC21slim.xsd">
   <leader>00925njm 22002777a 4500</leader>
   <datafield ind2=" " ind1=" " tag="042">
      <subfield code="a">dc</subfield>
   </datafield>
   <datafield ind2=" " ind1=" " tag="720">
      <subfield code="a">Viñolas, Amador</subfield>
      <subfield code="e">author</subfield>
   </datafield>
   <datafield ind2=" " ind1=" " tag="720">
      <subfield code="a">Gayoso, Alberto</subfield>
      <subfield code="e">author</subfield>
   </datafield>
   <datafield ind2=" " ind1=" " tag="260">
      <subfield code="c">2003</subfield>
   </datafield>
   <datafield ind2=" " ind1=" " tag="520">
      <subfield code="a">Dorcatoma&#xd;
pontevedrensis n. sp. is described. It was collected from a fungus, Fomes fomentarius (L.: Fr.) Fr., that&#xd;
was growing on an alder (Alnus glutinosa) at Arnois (in the Ulla valley) in the municipality of A Estrada&#xd;
in Pontevedra. Dorcatoma pontevedrensis n. sp. is distinguished from the rest of the species in the genus&#xd;
Dorcatoma by small external differences, but above all by the conformation of the aedeagus.</subfield>
   </datafield>
   <datafield ind2=" " ind1=" " tag="520">
      <subfield code="a">Se describe Dorcatoma pontevedrensis n. sp., recolectada en un hongo de la especie Fomes fomentarius&#xd;
(L.: Fr.) Fr., que se hospedaba en un aliso (Alnus glutinosa), procedente de la localidad de Arnois (valle&#xd;
del Ulla), en el municipio de A Estrada, en Pontevedra.&#xd;
Dorcatoma pontevedrensis n. sp. se separa del resto de especies del género Dorcatoma por pequeñas diferencias externas, pero sobre todo por la conformación del órgano copulador masculin</subfield>
   </datafield>
   <datafield ind1="8" ind2=" " tag="024">
      <subfield code="a">https://hdl.handle.net/2072/489372</subfield>
   </datafield>
   <datafield ind2="0" ind1="0" tag="245">
      <subfield code="a">Dorcatoma pontevedrensis n. sp. de Galicia (Coleoptera, Anobiidae, Dorcatominae)</subfield>
   </datafield>
</record></metadata></record></GetRecord></OAI-PMH>